000 00576nam a2200193Ia 4500
005 20250923145405.0
008 008 250917s9999 xx 000 0 eng d
037 _aTextual
040 _aDSWL
_beng
_cDSWL
041 _aeng
_2eng
084 _aV5'M30<-L93, N659
_qDSWL
245 4 _aThe new Cambridge modern history
_c Ed.by C.W. Crawley
260 _aCambridge
_bCambridge at the University Press
_c1965
300 _axiv,748 p.
365 _aINR
_b50 . 0
925 _g50 . 0
942 _cTEXL
_hV5'M30<-L93, N659
999 _c1450787
_d1450787